| 000 | 00516nam a2200133Ia 4500 | ||
|---|---|---|---|
| 008 | 160809s9999 xx 000 0 und d | ||
| 100 | _aSohr-Preston, Sara L. | ||
| 245 | _aBlogging about Family Building (Infertility, Pregnancy Loss, Adoption, Pregnancy, Trying to Conceive): Content and Blogging Motivations | ||
| 245 | _cSara L. Sohr-Preston. | ||
| 260 | _bStudies in Media and Communication | ||
| 260 | _cJune 2016 | ||
| 650 | _xCOMMUNICATION | ||
| 856 | _uhttp://redfame.com/journal/index.php/smc/issue/view/61 | ||
| 999 |
_c299985 _d299985 |
||